Student solutions manual to accompany college mathematics: a graphing calculator approach (Record no. 7487)
[ view plain ]
| 000 -LEADER | |
|---|---|
| fixed length control field | 00550 a2200157 4500 |
| 020 ## - INTERNATIONAL STANDARD BOOK NUMBER | |
| International Standard Book Number | 0471136476 |
| 040 ## - CATALOGING SOURCE | |
| Original cataloging agency | DLC |
| 082 ## - DEWEY DECIMAL CLASSIFICATION NUMBER | |
| Classification number | 510 |
| 100 ## - MAIN ENTRY--PERSONAL NAME | |
| Personal name | Wheeler, Ruric |
| 245 ## - TITLE STATEMENT | |
| Title | Student solutions manual to accompany college mathematics: a graphing calculator approach |
| Statement of responsibility, etc. | a graphing calculator approach |
| Medium | Ruric, Wheeler. |
| 260 ## - PUBLICATION, DISTRIBUTION, ETC. | |
| Place of publication, distribution, etc. | New York, USA : |
| Name of publisher, distributor, etc. | John wiley & sons, |
| Date of publication, distribution, etc. | 1996. |
| 300 ## - PHYSICAL DESCRIPTION | |
| Extent | Varoius pages : |
| Other physical details | ill. |
| Dimensions | 24 cm. |
| 500 ## - GENERAL NOTE | |
| General note | Includes Index |
| 650 ## - SUBJECT ADDED ENTRY--TOPICAL TERM | |
| Topical term or geographic name entry element | 1.Mathematics---data processing 2.Graphic calculators |
| 942 ## - ADDED ENTRY ELEMENTS (KOHA) | |
| Koha item type | Book |
| Call number prefix | 510 WHE |
| Source of classification or shelving scheme | |
| Withdrawn status | Lost status | Damaged status | Not for loan | Collection code | Permanent Location | Current Location | Shelving location | Date acquired | Source of acquisition | Total Checkouts | Full call number | Barcode | Date last seen | Price effective from | Koha item type |
|---|---|---|---|---|---|---|---|---|---|---|---|---|---|---|---|
| Central Library (CL) | Central Library (CL) | General Stacks | 11/07/2001 | Donation | 510 WHE | SEECS001443 | 11/14/2012 | 01/05/2017 | Book |
